000 00568cab a2200205 4500
001 X1087
008 090401t1993 xxu||||| |||| 00| 0 eng d
035 _a(Sirsi) u14623
041 _aeng
245 _aNew guidance notes to be published
260 _c1993
350 _a0
490 _aCS Monthly : Planning and Development bulletin
_v3(2) October 1993, 6(1)
650 _aPLANNING AND DEVELOPMENT GUIDANCE NOTES
650 _aPLANNING APPEALS
650 _aTOWN CENTRE MANAGEMENT
690 _aPLANNING LAW AND PRACTICE
942 _n0
948 _c04/03/1997
999 _c9543
_d9543